MESTSKÁ KNIŽNICA GIRALTOVCE  - online katalóg 

Dejiny mesta Giraltovce a Kračúnovce (Record no. 18762)

000 -NÁVESTIE
fixed length control field 00333nam a2200133 a 4500
008 - ÚDAJE S PEVNOU DĹŽKOU – VŠEOBECNÉ INFORMÁCIE
fixed length control field 140227s2013|||| d
020 ## - MEDZINÁRODNÉ ŠTANDARDNÉ ČÍSLO KNIHY (ISBN)
Údaje o dostupnosti 0.-
041 ## - KÓD JAZYKA
Kód jazyka textu/zvukovej stopy alebo samostatných nápisov slo
044 ## - KÓD KRAJINY VYDAVATEĽA/PRODUCENTA
Kód krajiny MARC xo
Kód krajiny ISO SK
100 1# - OSOBNÉ MENÁ – VŠEOBECNÉ INFORMÁCIE
Osobné meno Eštok, A. - Kozák, J.
245 10 - NÁZOV
Názov Dejiny mesta Giraltovce a Kračúnovce
260 ## - VYDAVATEĽSKÉ ÚDAJE, DISTRIBÚCIA ATĎ.
Názov vydavateľa, distibútora atď. LP Promotion
Miesto publikovania, distribúcie atď. Bratislava
Dátum publikovania, distribúcie atď. 2013
958 ## - Formálny deskriptor
Formálny deskriptor APR
Holdings
Stav stiahnutia (Blokovanie) (Withrawn status) Stav straty Zdroj klasifikácie pre skladovanie Stav poškodenia (Damaged status) Nie pre výpožičky (Not for loan) Spôsob nadobudnutia (Collection code) Trvalé umiestnenie Aktuálne umiestnenie Dátum nadobudnutia Inventárne číslo (prírastkové číslo) Celkom výpožičky Celkom prolongácie (predĺženia) Full call number Čiarový kód Dátum posledného výskytu Dátum poslednej výpôžičky Cena s účinnosťou od Typ jednotky Koha
          Dar Mestská knižnica Giraltovce Mestská knižnica Giraltovce 2019-11-29 18801 3 1 S1252 S1252 2025-08-20 2025-04-30 2019-11-29 Odborná literatúra pre dospelých

Powered by Koha